000 00358nam a2200145 i 4500
001 bg
100 1 _aMEINHOLD, H.
245 0 _aSchaltungen der Elektronik /
_cH. Meinhold.
250 _a2 verbesserte und erweiterte Auflage.
260 _aHeiidelberg,
_c1970.
040 _cBPK
041 _apol
942 _cKS
008 s pl f |000 0 pol
999 _c9057
_d9057
856 _uhttp://koha.tu.koszalin.pl/cgi-bin/koha/opac-detail.pl?biblionumber=9057
_yKatalog online BPK